<?xml version="1.0" encoding="UTF-8"?>
<record
    xmlns:xsi="http://www.w3.org/2001/XMLSchema-instance"
    xsi:schemaLocation="http://www.loc.gov/MARC21/slim http://www.loc.gov/standards/marcxml/schema/MARC21slim.xsd"
    xmlns="http://www.loc.gov/MARC21/slim">

  <leader>04104nab a22008057  4500</leader>
  <controlfield tag="003">AR-RoUNA</controlfield>
  <datafield tag="022" ind1=" " ind2=" ">
    <subfield code="a">0327-9022</subfield>
  </datafield>
  <datafield tag="040" ind1=" " ind2=" ">
    <subfield code="a">AR-RoUNA</subfield>
    <subfield code="b">spa</subfield>
  </datafield>
  <datafield tag="041" ind1=" " ind2=" ">
    <subfield code="a">spa</subfield>
  </datafield>
  <datafield tag="044" ind1=" " ind2=" ">
    <subfield code="a">ag</subfield>
  </datafield>
  <datafield tag="245" ind1=" " ind2=" ">
    <subfield code="a">Summa+ / </subfield>
    <subfield code="b">PIELES</subfield>
  </datafield>
  <datafield tag="260" ind1=" " ind2=" ">
    <subfield code="a">Buenos Aires ,</subfield>
    <subfield code="c">1993</subfield>
  </datafield>
  <datafield tag="300" ind1=" " ind2=" ">
    <subfield code="a">128 p. :</subfield>
    <subfield code="b">il. byn.</subfield>
    <subfield code="b">planos</subfield>
    <subfield code="c">34 X25 cm.</subfield>
  </datafield>
  <datafield tag="505" ind1="0" ind2=" ">
    <subfield code="t">INDICE</subfield>
  </datafield>
  <datafield tag="505" ind1="0" ind2=" ">
    <subfield code="t">PIELES - ESTADOS UNIDOS</subfield>
  </datafield>
  <datafield tag="505" ind1="0" ind2=" ">
    <subfield code="t">FRENTE CALLADO</subfield>
  </datafield>
  <datafield tag="505" ind1="0" ind2=" ">
    <subfield code="a">Morhosis; Thom Mayne / Edificio Academico para La Cooper Union 41 cooper square, Manhattan, 2009. p. 4</subfield>
  </datafield>
  <datafield tag="505" ind1="0" ind2=" ">
    <subfield code="t">PIELES -CANADA</subfield>
  </datafield>
  <datafield tag="505" ind1="0" ind2=" ">
    <subfield code="t">INCRUSTACIONES</subfield>
  </datafield>
  <datafield tag="505" ind1="0" ind2=" ">
    <subfield code="a">Studio Daniel Libeskind / Ampliacion del Museo real de Ontario, Canad&#xE1;, 2007. p. 16</subfield>
  </datafield>
  <datafield tag="505" ind1="0" ind2=" ">
    <subfield code="a">Fernando Diez / Tensi&#xF3;n Superficial. p. 22</subfield>
  </datafield>
  <datafield tag="505" ind1="0" ind2=" ">
    <subfield code="t">PIELES - ESPA&#xD1;A </subfield>
  </datafield>
  <datafield tag="505" ind1="0" ind2=" ">
    <subfield code="t">UN PROGRAMA INC&#xD3;MODO</subfield>
  </datafield>
  <datafield tag="505" ind1="0" ind2=" ">
    <subfield code="a">H&#xE9;ctora Fern&#xE1;ndez - Elorza / Edificio de Laboratorios y Almacenes Qu&#xED;micos Universidad de Alcal&#xE1; - UAH, Madrid, Espa&#xF1;a, 2009. p. 24</subfield>
  </datafield>
  <datafield tag="505" ind1="0" ind2=" ">
    <subfield code="t">PIELES - BUENOS AIRES</subfield>
  </datafield>
  <datafield tag="505" ind1="0" ind2=" ">
    <subfield code="t">CONSTRUCCI&#xD3;N REL&#xC1;MPAGO</subfield>
  </datafield>
  <datafield tag="505" ind1="0" ind2=" ">
    <subfield code="a">Esteban -Gaffuri -Torrado -Tannenbaum / Instituto Modelo del Sur nivel primario, provicnia de Buenos Aires, 2010. p. 30</subfield>
  </datafield>
  <datafield tag="505" ind1="0" ind2=" ">
    <subfield code="t">PIELES - SUECIA</subfield>
  </datafield>
  <datafield tag="505" ind1="0" ind2=" ">
    <subfield code="t">ANEXO CONTEMPOR&#xC1;NEO</subfield>
  </datafield>
  <datafield tag="505" ind1="0" ind2=" ">
    <subfield code="a">Tham &amp; Videgard Arkitekter / Moderna Museet Malm&#xF3;, Suecia, 2009. p. 36</subfield>
  </datafield>
  <datafield tag="505" ind1="0" ind2=" ">
    <subfield code="t">PIELES - BRASIL</subfield>
  </datafield>
  <datafield tag="505" ind1="0" ind2=" ">
    <subfield code="t">TEXTURA CALIGR&#xC1;FICA</subfield>
  </datafield>
  <datafield tag="505" ind1="0" ind2=" ">
    <subfield code="a">Isay Weinfeld arq. / Edificio Midrash, R&#xED;o de Janeiro, 2009. p. 42</subfield>
  </datafield>
  <datafield tag="505" ind1="0" ind2=" ">
    <subfield code="t">PIELES - ALEMANIA</subfield>
  </datafield>
  <datafield tag="505" ind1="0" ind2=" ">
    <subfield code="t">CURVAS CROM&#xC1;TICAS</subfield>
  </datafield>
  <datafield tag="505" ind1="0" ind2=" ">
    <subfield code="a">Sauerbruch Hutton / KFW Westarkade, Frankfurt, 2010. p. 46</subfield>
  </datafield>
  <datafield tag="505" ind1="0" ind2=" ">
    <subfield code="t">PIELES - CHILE</subfield>
  </datafield>
  <datafield tag="505" ind1="0" ind2=" ">
    <subfield code="t">VELO MET&#xC1;LICO</subfield>
  </datafield>
  <datafield tag="505" ind1="0" ind2=" ">
    <subfield code="a">Felipe Assadi, Francisca Pulido, David Zapata / Edificio Gen, Santiago Centro, 2010. p. 52</subfield>
  </datafield>
  <datafield tag="505" ind1="0" ind2=" ">
    <subfield code="t">PIELES - BUENOS AIRES</subfield>
  </datafield>
  <datafield tag="505" ind1="0" ind2=" ">
    <subfield code="t">FONDO BLANCO</subfield>
  </datafield>
  <datafield tag="505" ind1="0" ind2=" ">
    <subfield code="a">Daniel Szuldman- Mario Zambonini- Domingo Melendo / Edifioc Avenida Libertador 5962, C. A. de Buenos Aires, 2009. p. 58</subfield>
  </datafield>
  <datafield tag="505" ind1="0" ind2=" ">
    <subfield code="a">David Leatherbarrow y Mhsen Mostafavi / La apariciencia del revestimiento. p. 64</subfield>
  </datafield>
  <datafield tag="505" ind1="0" ind2=" ">
    <subfield code="t">PIELES - SHANGH&#xC4;I 2010</subfield>
  </datafield>
  <datafield tag="505" ind1="0" ind2=" ">
    <subfield code="t">LIGERA Y LUMINOSA</subfield>
  </datafield>
  <datafield tag="505" ind1="0" ind2=" ">
    <subfield code="a">Heatherwick Studio / Pabell&#xF3;n del Reino Unido en la Exposici&#xF3;n Universal Sahangh&#xE1;i, China, 2010. p. 80</subfield>
  </datafield>
  <datafield tag="505" ind1="0" ind2=" ">
    <subfield code="t">COMPONENTE ARTESANAL</subfield>
  </datafield>
  <datafield tag="505" ind1="0" ind2=" ">
    <subfield code="a">Miralles -Taglianbue -EMBT / Pabell&#xF3;n de Espa&#xF1;a en la exposici&#xF3;n Universal Shangh&#xE1;i, China, 2010. p. 84</subfield>
  </datafield>
  <datafield tag="505" ind1="0" ind2=" ">
    <subfield code="t">CUENCO DE ESCAMAS</subfield>
  </datafield>
  <datafield tag="505" ind1="0" ind2=" ">
    <subfield code="a">Jkmm architects / Pabell&#xF3;n de Filandia en la exposici&#xF3;n Universal Shanghai, China, 2009. p. 88</subfield>
  </datafield>
  <datafield tag="505" ind1="0" ind2=" ">
    <subfield code="a">Luis O&#xB4;Grady / Pol&#xED;tica y arquitectura: una conversacion con Adr&#xE9;s Jaque. p. 92</subfield>
  </datafield>
  <datafield tag="505" ind1="0" ind2=" ">
    <subfield code="a">Andr&#xE9;s Jaque Arqs. / Casa en Never Never Land, Ibiza, Espa&#xF1;a, 2009. p. 98</subfield>
  </datafield>
  <datafield tag="505" ind1="0" ind2=" ">
    <subfield code="a">Andr&#xE9;s Jaque Arqs - Miguel de Guzm&#xE1;n y Enrique Krahe / Casa Sacerdotal Diocesana de Plasencia, Extremadura, Espa&#xF1;a, 2004. p. 104</subfield>
  </datafield>
  <datafield tag="505" ind1="0" ind2=" ">
    <subfield code="a">Andr&#xE9;s Jaque Arqs. / Tupper Home, Madrid, Espa&#xF1;a, 2007. p. 108</subfield>
  </datafield>
  <datafield tag="505" ind1="0" ind2=" ">
    <subfield code="a">Andr&#xE9;s Jaque Arqs. / Prototipo de vivienda compartida The Rolling House, 2009. p. 110</subfield>
  </datafield>
  <datafield tag="505" ind1="0" ind2=" ">
    <subfield code="a">Lestard -Cajide -Janches / M&#xF3;dulos de reinserci&#xF3;n. p. 112</subfield>
  </datafield>
  <datafield tag="505" ind1="0" ind2=" ">
    <subfield code="a">D&#xE9;bora Cerchiara / Juego de acontecimientos. p. 114</subfield>
  </datafield>
  <datafield tag="505" ind1="0" ind2=" ">
    <subfield code="a">Ignacio Ros de Olano / Olympia en Papel. p. 117</subfield>
  </datafield>
  <datafield tag="505" ind1="0" ind2=" ">
    <subfield code="a">Luis O&#xB4;Grady / Torono a puertas abiertas. p. 118</subfield>
  </datafield>
  <datafield tag="505" ind1="0" ind2=" ">
    <subfield code="a">Rafael E. J. Iglesia y Sandra Rua / Poniendo las cosas en &#xA8;Orden&#xA8;. p. 120</subfield>
  </datafield>
  <datafield tag="505" ind1="0" ind2=" ">
    <subfield code="a">Roberto Fern&#xE1;ndez / Sobre el texto ensamble de una est&#xE9;tica central y una construcci&#xF3;n perif&#xE9;rica: las torres siamesas de Aravena en Santiago. p. 123</subfield>
  </datafield>
  <datafield tag="505" ind1="0" ind2=" ">
    <subfield code="a">Mario Sabugo / Y la nave va: algo m&#xE1;s sobre Le Corbusier en 1929. p. 126</subfield>
  </datafield>
  <datafield tag="505" ind1="0" ind2=" ">
    <subfield code="a">Alberto Campo Baeza / Escribir en el agua, dibujar en el aire. p. 128</subfield>
  </datafield>
  <datafield tag="650" ind1=" " ind2=" ">
    <subfield code="a">Arquitectura contempor&#xE1;nea</subfield>
  </datafield>
  <datafield tag="773" ind1="0" ind2=" ">
    <subfield code="a">Summa+</subfield>
    <subfield code="d">Buenos Aires, Argentina</subfield>
    <subfield code="g">N&#xBA;110 (jul-2010), p. 128</subfield>
    <subfield code="x">0327-9022</subfield>
  </datafield>
  <datafield tag="908" ind1=" " ind2=" ">
    <subfield code="a">Imp</subfield>
  </datafield>
  <datafield tag="942" ind1=" " ind2=" ">
    <subfield code="2">udc</subfield>
    <subfield code="c">ART</subfield>
  </datafield>
  <datafield tag="945" ind1=" " ind2=" ">
    <subfield code="a">MBP</subfield>
    <subfield code="d">2022-07-08</subfield>
  </datafield>
  <datafield tag="980" ind1=" " ind2=" ">
    <subfield code="8">138</subfield>
    <subfield code="g">Carolina Rainero</subfield>
    <subfield code="6">138</subfield>
    <subfield code="a">Carolina Rainero</subfield>
  </datafield>
  <datafield tag="999" ind1=" " ind2=" ">
    <subfield code="c">12174</subfield>
    <subfield code="d">12174</subfield>
  </datafield>
  <datafield tag="952" ind1=" " ind2=" ">
    <subfield code="0">0</subfield>
    <subfield code="1">0</subfield>
    <subfield code="2">udc</subfield>
    <subfield code="4">0</subfield>
    <subfield code="7">0</subfield>
    <subfield code="a">AR-RoUNA</subfield>
    <subfield code="b">AR-RoUNA</subfield>
    <subfield code="c">Heme</subfield>
    <subfield code="d">2025-10-13</subfield>
    <subfield code="e">Sub</subfield>
    <subfield code="l">0</subfield>
    <subfield code="p">1002821</subfield>
    <subfield code="r">2025-10-13</subfield>
    <subfield code="t">ej. 1</subfield>
    <subfield code="w">2025-10-13</subfield>
    <subfield code="y">ART</subfield>
    <subfield code="k">K6</subfield>
    <subfield code="x"></subfield>
  </datafield>
</record>
